| 000 | 00507nam a22001697a 4500 | ||
|---|---|---|---|
| 005 | 20240516144625.0 | ||
| 008 | 240516b |||||||| |||| 00| 0 eng d | ||
| 020 | _a9780470147566 | ||
| 082 |
_a005.1 _bMCC-N |
||
| 100 | _aTim Mccarthy | ||
| 245 |
_a.NET Domain-Driven Design with C#: _bProblem - design - solution / _cTim Mcccarthy |
||
| 260 |
_aUSa: _bWrox; _c2008. |
||
| 300 |
_a408 p. : _bill; _c24 cm. |
||
| 500 | _ainclude index. | ||
| 650 | _acomputer science/ Java programming Language | ||
| 999 |
_c35785 _d35785 |
||